| 000 | 00579nam a22002417a 4500 | ||
|---|---|---|---|
| 003 | UA-OsUOA | ||
| 001 | 40076 | ||
| 007 | ta | ||
| 008 | 20080528b un ||||| |||| 00| 0 ukr d | ||
| 100 | _aGurian W. | ||
| 090 | _a94(47+57) | ||
| 942 | _cBK | ||
| 040 |
_aUA-OsUOA _beng _cUA-OsUOA _dUA-OsUOA |
||
| 245 | _aBolshevism | ||
| 300 | _a189 с. | ||
| 955 | _a1 | ||
| 041 | _aeng | ||
| 080 | _a94(47+57) | ||
| 260 |
_aNotre Dam _b1963 |
||
| 246 | 3 | 1 | _aAn Introduction to Soviet Communism |
| 650 | 7 |
_a9 Географія. Біографії. Історія _2UDC |
|
| 999 |
_c438585 _d438585 |
||